000 00403nam a22001697a 4500
003 MPLRDC
005 20220104113832.0
008 210129b ||||| |||| 00| 0 eng d
082 _a848.2 SM
100 _a三毛等著
245 _a一本女人写给女人的书
_c
250 _a十版
260 _a
_b方智出版公司
_c1989
300 _b
650 _a现代别集
942 _cBK
_o848.2 SM
999 _c2727
_d2717